| 000 | 00991nam a2200229 a 4500 | ||
|---|---|---|---|
| 008 | 100122s2006 ||||||||||||||||| || u | ||
| 020 | _a9780340928318 | ||
| 050 | _aTK 7887 Pri | ||
| 100 | _aPrice, Anthony | ||
| 245 | 1 | 0 | _aTeach yourself home PC maintenance and networking. |
| 260 |
_aLondon: _bHodder Arnold _c2006 |
||
| 300 | _axii, 274p.; ill. | ||
| 350 | _a0.00 | ||
| 490 | _aTeach yourself | ||
| 650 | 0 | _aCOMPUTER NETWORKS | |
| 650 | _aMICROCOMPUTERS--MAINTENANCE AND REPAIR--AMATEURS' MANUAL | ||
| 650 | _aMICROCOMPUTERS--UPGRADING--AMATEURS' MANUALS | ||
| 650 | _aCOMPUTERS--MAINTENANCE AND REPAIR | ||
| 650 | _aCOMPUTERS | ||
| 995 |
_aMAIN LIBRARY OPEN ACCESS _D0.00 _e740566 _FCBU-MAIN LIBRARY (Kitwe) _H1 _I0.00 _jTK 7887 Pri _M1 _UAVAILABLE _WMar 24, 2010 _y740566 _ZMain Library Open Access Collection |
||
| 995 |
_aMAIN LIBRARY OPEN ACCESS _D0.00 _e740567 _FCBU-MAIN LIBRARY (Kitwe) _H1 _I0.00 _jTK 7887 Pri _M2 _UAVAILABLE _WMar 24, 2010 _y740567 _ZMain Library Open Access Collection |
||
| 999 |
_c80927 _d80927 |
||